Score 0/30 Timer 03:00
1 Play Today
Clue 4-Letter Word % Correct
◇ 'Frankly, my dear, I ___ [rung 5] a [rung 13]' ◇◇ DON'T ◇
96.9%
Ten-cent coinDIME
93.9%
◇ 'Frankly, my dear, I [rung 1] [rung 5] a ___' ◇◇ DAMN ◇
93.8%
◇ 'Frankly, my dear, I [rung 1] ___ a [rung 13]' ◇◇ GIVE ◇
93.6%
Titled womanDAME
91.5%
Source of some sugarCANE
87.6%
Fermented grape juiceWINE
87.1%
Silent actorMIME
86.8%
Disreputable barDIVE
86.3%
EatDINE
86.2%
Not continuingDONE
85.9%
Roadwork markerCONE
84.1%
Mend, as socksDARN
83.8%
Feel concernCARE
83.5%
War hazardMINE
82.9%
Clue 4-Letter Word % Correct
How to address a kingSIRE
81.9%
Was dressed inWORE
80.8%
'Truth' alternativeDARE
79.7%
LocationSITE
77.2%
Undercover apparatusWIRE
75.6%
◆Movie: ___ [rung 26] the [rung 30] ◆◆ GONE ◆
75.3%
◆ Movie: [rung 19] ___ the [rung 30] ◆◆ WITH ◆
75.3%
Graphic violenceGORE
74.9%
Affiliation of warriors in Star WarsSITH
74%
◆ Movie: [rung 19] [rung 26] the ___◆ WIND ◆
72.6%
PrudentWISE
69.7%
DesireWISH
67.6%
Short-form video websiteVINE
59.5%
Mocking remarkGIBE
55.7%
Intuitive feeling, informallyVIBE
50.5%

Today's Daily Dose

Remove Ads.
Support Sporcle.
Get the best of Sporcle when you Go Orange. This ad-free experience offers more features, more stats, and more fun while also helping to support Sporcle. Thank you for becoming a member.

You're not logged in!

Compare scores with friends on all Sporcle quizzes.
OR
Log In

Show Comments

Extras

Top Quizzes Today


Score Distribution

Your Account Isn't Verified!

In order to create a playlist on Sporcle, you need to verify the email address you used during registration. Go to your Sporcle Settings to finish the process.

Report this User

Report this user for behavior that violates our Community Guidelines.

Details: